AU LIBRARIES
Centralized Library System Across Seven Campuses

Consumer Behaviour (Record no. 47566)

MARC details
000 -LEADER
fixed length control field 00438nam a2200169 4500
005 - DATE AND TIME OF LATEST TRANSACTION
control field 20260512091141.0
008 - FIXED-LENGTH DATA ELEMENTS--GENERAL INFORMATION
fixed length control field 260512b |||||||| |||| 00| 0 eng d
020 ## - INTERNATIONAL STANDARD BOOK NUMBER
ISBN 9780137865093
082 ## - DEWEY DECIMAL CLASSIFICATION NUMBER
Classification number 658.83
Author Mark SOL-C
100 ## - MAIN ENTRY--AUTHOR
Author Name Solomon R.Michael
245 ## - TITLE STATEMENT
Title Consumer Behaviour
Sub-Title Buying,Having,And Being
250 ## - EDITION STATEMENT
Edition statement 14th Ed
260 ## - PUBLICATION, DISTRIBUTION, ETC.
Place of Publication USA
Name of publisher, distributor, etc. Pearson Education Publishers
300 ## - PHYSICAL DESCRIPTION
Pages 521p
650 ## - SUBJECT ADDED ENTRY--TOPICAL TERM
Subject / Department Management
942 ## - ADDED ENTRY ELEMENTS (KOHA)
Koha item type Book
Holdings
Withdrawn status Lost status Damaged status Not for loan Collection code Permanent Location Current Location Shelving Location Date acquired Source of acquisition Inventory number Total Checkouts Full Call Number Accession No./Barcode Date last seen Koha item type
        Management Science Air University H-11 Campus Islamabad Air University H-11 Campus Islamabad Management Science 04/27/2026 Ali Book Services AUH11-01   658.83 SOL-C AUHEP0195 05/12/2026 Book
Air University Sector E-9, Islamabad Pakistan
Email: librarian@au.edu.pk  Tel : +0092 51 9262612 Ext: 631